000 02279nam0a2200481 4500
001 RU\NLR\bibl\1996566
005 20250616212303.0
010 _a978-5-9765-1492-8
035 _a(NLR Aleph) 001984973
090 _a4143807
_c4143807
100 _a20130205d2012 |||y0rusy50 ca
101 0 _arus
102 _aRU
105 _ay z |||||
106 _as
200 1 _aКультурный диалог США и Великобритании в американской Артуриане, XIX в. - начало XX в.
_bЭлектронный ресурс
_eмонография
_fЮ.С. Серенков
205 _a2-е изд., стереотип.
210 _aМосква
_cФлинта
_d2012
215 _a322 с.
230 _aЭлектрон. дан.
300 _aЗагл. с титул. экрана
320 _aБиблиогр.: с. 305-314
325 _aКопия доступна в Электрон. б-ке РНБ http://vivaldi.nlr.ru/bx000033883/view
337 _aРесурс доступен в Электронной библиотеке РНБ
605 _aАртуровские легенды
_xи американская литература
_92593717
_3RU\NLR\AUTH\6601742268
606 1 _aАмериканская литература
_xСвязи
_xАнглийская литература
_92433800
_3RU\NLR\auth\661448413
606 1 _aАнглийская литература
_xСвязи
_xАмериканская литература
_92433798
_3RU\NLR\auth\661448412
686 1 _aШ5(4Вл)422-330.15
686 1 _aШ5(7США)53-318.3
686 1 _aШ5(7США)6-318.3
686 1 _aШ5(4Вл)53-318.3
686 1 _aШ5(4Вл)6-318.3
700 1 _aСеренков
_bЮ. С.
_gЮрий Сергеевич
_4070
801 0 _aRU
_bNLR
_c20130205
_gRCR
801 1 _aRU
_bNLR
_c20130205
852 _aNLR
_bЭБ
942 _cBOOK
980 _aNB
981 1 3 _a(13) Документы, защищенные авторским правом
_b(13) Современная научная, научно-популярная и популярная литература